[Event "Masters Tournament (MTO)"]
[Site "Biel, CH"]
[Date "2025.07.19"]
[Round "6"]
[White "Pranav Anand"]
[Black "Karthikeyan, Murali"]
[Result "1/2-1/2"]
[Board "1"]
[WhiteFideId "46626786"]
[BlackFideId "5074452"]
[WhiteTitle "GM"]
[BlackTitle "GM"]
[WhiteElo "2566"]
[BlackElo "2650"]
[WhiteTeam "IND"]
[BlackTeam "IND"]
[WhiteClock "1:07:52"]
[BlackClock "0:39:06"]
[Variant "Standard"]

1. d4 {[%clk 1:39:13]}  Nf6 {[%clk 1:40:48]} 2. c4 {[%clk 1:39:37]}  e6 {[%clk 1:41:06]} 3. Nf3 {[%clk 1:40:02]}  d5 {[%clk 1:41:14]} 4. g3 {[%clk 1:40:18]}  dxc4 {[%clk 1:41:30]} 5. Bg2 {[%clk 1:40:42]}  a6 {[%clk 1:41:49]} 6. O-O {[%clk 1:40:56]}  Nc6 {[%clk 1:42:12]} 7. e3 {[%clk 1:41:22]}  Rb8 {[%clk 1:42:32]} 8. Nfd2 {[%clk 1:40:14]}  Qd7 {[%clk 1:41:54]} 9. Nxc4 {[%clk 1:37:21]}  b5 {[%clk 1:40:26]} 10. Ncd2 {[%clk 1:36:29]}  e5 {[%clk 1:34:38]} 11. Nf3 {[%clk 1:31:30]}  Bd6 {[%clk 1:38:34]} 12. Nc3 {[%clk 1:30:30]}  O-O {[%clk 1:37:56]} 13. a3 {[%clk 1:27:27]}  Bb7 {[%clk 1:34:22]} 14. d5 {[%clk 1:25:18]}  Ne7 {[%clk 1:33:59]} 15. e4 {[%clk 1:26:15]}  h6 {[%clk 1:32:34]} 16. b4 {[%clk 1:16:19]}  c6 {[%clk 1:22:41]} 17. dxc6 {[%clk 1:12:50]}  Bxc6 {[%clk 1:16:19]} 18. Bb2 {[%clk 1:15:57]}  Rfd8 {[%clk 1:06:25]} 19. Qe2 {[%clk 1:14:28]}  Qe6 {[%clk 1:04:44]} 20. Rac1 {[%clk 1:07:52]}  a5 {[%clk 0:39:06]} 1/2-1/2

[Event "Masters Tournament (MTO)"]
[Site "Biel, CH"]
[Date "2025.07.19"]
[Round "6"]
[White "Pranesh M"]
[Black "Sasikiran, Krishnan"]
[Result "1/2-1/2"]
[Board "2"]
[WhiteFideId "35028600"]
[BlackFideId "5004985"]
[WhiteTitle "GM"]
[BlackTitle "GM"]
[WhiteElo "2592"]
[BlackElo "2531"]
[WhiteTeam "IND"]
[BlackTeam "IND"]
[WhiteClock "0:29:50"]
[BlackClock "0:04:17"]
[Variant "Standard"]

1. e4 {[%clk 1:40:52]}  e5 {[%clk 1:40:49]} 2. Nf3 {[%clk 1:41:13]}  Nc6 {[%clk 1:41:11]} 3. Bc4 {[%clk 1:41:31]}  Nf6 {[%clk 1:41:26]} 4. d3 {[%clk 1:41:51]}  Bc5 {[%clk 1:40:23]} 5. c3 {[%clk 1:42:08]}  d6 {[%clk 1:40:03]} 6. b4 {[%clk 1:42:21]}  Bb6 {[%clk 1:40:08]} 7. a4 {[%clk 1:42:43]}  a5 {[%clk 1:39:32]} 8. b5 {[%clk 1:43:06]}  Ne7 {[%clk 1:39:43]} 9. Nbd2 {[%clk 1:43:18]}  Ng6 {[%clk 1:33:39]} 10. O-O {[%clk 1:40:51]}  O-O {[%clk 1:32:33]} 11. d4 {[%clk 1:40:52]}  Bg4 {[%clk 1:29:31]} 12. Qc2 {[%clk 1:40:35]}  Qd7 {[%clk 1:27:30]} 13. Re1 {[%clk 1:39:56]}  Rfe8 {[%clk 1:25:43]} 14. h3 {[%clk 1:39:55]}  Bxf3 {[%clk 1:17:03]} 15. Nxf3 {[%clk 1:39:58]}  exd4 {[%clk 1:16:44]} 16. Bb2 {[%clk 1:40:05]}  d3 {[%clk 1:07:45]} 17. Bxd3 {[%clk 1:30:00]}  Ne5 {[%clk 1:01:09]} 18. Nxe5 {[%clk 1:21:53]}  dxe5 {[%clk 0:58:40]} 19. Ba3 {[%clk 1:25:34]}  Red8 {[%clk 0:52:07]} 20. Red1 {[%clk 1:19:15]}  Qe8 {[%clk 0:45:02]} 21. Rab1 {[%clk 1:08:35]}  g6 {[%clk 0:43:10]} 22. Qe2 {[%clk 0:57:41]}  Kg7 {[%clk 0:41:38]} 23. Qf3 {[%clk 0:48:43]}  Qe6 {[%clk 0:38:09]} 24. Rd2 {[%clk 0:36:14]}  Rd7 {[%clk 0:35:16]} 25. g4 {[%clk 0:27:53]}  h6 {[%clk 0:27:24]} 26. Kg2 {[%clk 0:26:57]}  Rad8 {[%clk 0:24:19]} 27. Qe2 {[%clk 0:25:16]}  h5 {[%clk 0:20:51]} 28. f3 {[%clk 0:24:00]}  Nh7 {[%clk 0:14:40]} 29. Rdd1 {[%clk 0:22:45]}  Qf6 {[%clk 0:00:50]} 30. Bc2 {[%clk 0:21:25]}  Ng5 {[%clk 0:06:07]} 31. Rxd7 {[%clk 0:13:24]}  Rxd7 {[%clk 0:06:27]} 32. Rd1 {[%clk 0:13:43]}  Ne6 {[%clk 0:05:20]} 33. Bc1 {[%clk 0:13:29]}  Rxd1 {[%clk 0:03:52]} 34. Qxd1 {[%clk 0:13:20]}  Qh4 {[%clk 0:02:29]} 35. Qf1 {[%clk 0:12:47]}  Ng5 {[%clk 0:01:23]} 36. Bxg5 {[%clk 0:10:56]}  Qxg5 {[%clk 0:01:48]} 37. Qd3 {[%clk 0:09:52]}  Qf4 {[%clk 0:01:23]} 38. gxh5 {[%clk 0:09:26]}  Qg5+ {[%clk 0:01:11]} 39. Kf1 {[%clk 0:09:52]}  Qxh5 {[%clk 0:01:24]} 40. Bb3 {[%clk 0:08:47]}  Qxh3+ {[%clk 0:01:15]} 41. Ke2 {[%clk 0:09:05]}  c6 {[%clk 0:21:42]} 42. bxc6 {[%clk 0:37:33]}  bxc6 {[%clk 0:21:57]} 43. Kd1 {[%clk 0:36:07]}  Qg2 {[%clk 0:18:36]} 44. Kc1 {[%clk 0:31:18]}  Bc5 {[%clk 0:14:03]} 45. Kb1 {[%clk 0:30:41]}  Ba3 {[%clk 0:12:10]} 46. Bc2 {[%clk 0:30:54]}  Qg1+ {[%clk 0:11:04]} 47. Ka2 {[%clk 0:30:54]}  Qc1 {[%clk 0:08:05]} 48. Kb3 {[%clk 0:31:18]}  Qb2+ {[%clk 0:07:45]} 49. Kc4 {[%clk 0:31:47]}  Be7 {[%clk 0:06:29]} 50. Bb3 {[%clk 0:31:34]}  Qf2 {[%clk 0:05:44]} 51. Qd7 {[%clk 0:29:33]}  Qf1+ {[%clk 0:05:05]} 52. Qd3 {[%clk 0:29:57]}  Qg1 {[%clk 0:05:23]} 53. Qd7 {[%clk 0:29:26]}  Qf1+ {[%clk 0:04:17]} 54. Qd3 {[%clk 0:29:50]} 1/2-1/2

[Event "Masters Tournament (MTO)"]
[Site "Biel, CH"]
[Date "2025.07.19"]
[Round "6"]
[White "Yilmaz, Mustafa"]
[Black "Wuebker, Paul-Luca"]
[Result "1-0"]
[Board "3"]
[WhiteFideId "6302718"]
[BlackFideId "12939528"]
[WhiteTitle "GM"]
[BlackTitle "CM"]
[WhiteElo "2586"]
[BlackElo "2250"]
[WhiteTeam "TUR"]
[BlackTeam "GER"]
[WhiteClock "0:08:56"]
[BlackClock "0:22:32"]
[Variant "Standard"]

1. Nf3 {[%clk 1:39:34]}  Nf6 {[%clk 1:40:47]} 2. c4 {[%clk 1:39:58]}  b6 {[%clk 1:41:08]} 3. g3 {[%clk 1:37:55]}  Bb7 {[%clk 1:41:30]} 4. Bg2 {[%clk 1:38:21]}  g6 {[%clk 1:41:24]} 5. d4 {[%clk 1:37:37]}  Bg7 {[%clk 1:41:46]} 6. O-O {[%clk 1:37:05]}  O-O {[%clk 1:42:10]} 7. Bf4 {[%clk 1:32:17]}  d6 {[%clk 1:33:30]} 8. Qc2 {[%clk 1:31:26]}  Be4 {[%clk 1:16:28]} 9. Qc1 {[%clk 1:26:46]}  Nc6 {[%clk 1:03:54]} 10. Rd1 {[%clk 1:21:55]}  Qe8 {[%clk 1:01:50]} 11. Nc3 {[%clk 1:17:51]}  Bf5 {[%clk 1:01:01]} 12. d5 {[%clk 1:08:27]}  Na5 {[%clk 0:54:22]} 13. Nd4 {[%clk 1:06:57]}  Qc8 {[%clk 0:51:27]} 14. Nxf5 {[%clk 1:01:38]}  Qxf5 {[%clk 0:51:42]} 15. Nb5 {[%clk 1:00:06]}  Ng4 {[%clk 0:40:44]} 16. e4 {[%clk 0:33:20]}  Qf6 {[%clk 0:36:53]} 17. f3 {[%clk 0:33:30]}  Ne5 {[%clk 0:37:15]} 18. Nd4 {[%clk 0:33:01]}  Nexc4 {[%clk 0:30:08]} 19. b4 {[%clk 0:27:35]}  Qxd4+ {[%clk 0:28:53]} 20. Rxd4 {[%clk 0:28:02]}  Bxd4+ {[%clk 0:29:15]} 21. Kh1 {[%clk 0:27:42]}  Nb7 {[%clk 0:29:35]} 22. Rb1 {[%clk 0:26:32]}  b5 {[%clk 0:29:40]} 23. a4 {[%clk 0:20:58]}  a6 {[%clk 0:30:05]} 24. Bf1 {[%clk 0:21:22]}  Rfc8 {[%clk 0:30:30]} 25. Bxc4 {[%clk 0:19:54]}  bxc4 {[%clk 0:30:55]} 26. Qxc4 {[%clk 0:20:19]}  Bf6 {[%clk 0:31:17]} 27. Qc6 {[%clk 0:19:38]}  Nd8 {[%clk 0:31:27]} 28. Qd7 {[%clk 0:19:55]}  Kg7 {[%clk 0:31:36]} 29. Rc1 {[%clk 0:19:16]}  c5 {[%clk 0:24:13]} 30. dxc6 {[%clk 0:15:03]}  Ne6 {[%clk 0:24:18]} 31. c7 {[%clk 0:15:30]}  Nf8 {[%clk 0:22:02]} 32. Qc6 {[%clk 0:14:46]}  Bd4 {[%clk 0:21:57]} 33. Be3 {[%clk 0:12:52]}  Bxe3 {[%clk 0:18:40]} 34. Qc3+ {[%clk 0:13:17]}  e5 {[%clk 0:19:03]} 35. Qxe3 {[%clk 0:13:43]}  Ne6 {[%clk 0:19:10]} 36. Qb6 {[%clk 0:13:51]}  Kf6 {[%clk 0:19:37]} 37. Qb7 {[%clk 0:11:19]}  Ke7 {[%clk 0:19:32]} 38. Kg2 {[%clk 0:09:24]}  Kd7 {[%clk 0:19:11]} 39. Qc6+ {[%clk 0:09:49]}  Ke7 {[%clk 0:19:35]} 40. Qxa8 {[%clk 0:10:05]}  Rxa8 {[%clk 0:19:59]} 41. c8=Q {[%clk 0:10:29]}  Rxc8 {[%clk 0:20:22]} 42. Rxc8 {[%clk 0:10:56]}  Kd7 {[%clk 0:20:46]} 43. Ra8 {[%clk 0:10:04]}  Nc7 {[%clk 0:21:10]} 44. Rh8 {[%clk 0:10:30]}  h5 {[%clk 0:21:36]} 45. Kf2 {[%clk 0:08:37]}  d5 {[%clk 0:22:01]} 46. Ke3 {[%clk 0:08:49]}  d4+ {[%clk 0:22:11]} 47. Kd3 {[%clk 0:09:07]}  Ne8 {[%clk 0:22:35]} 48. f4 {[%clk 0:08:56]}  Kd6 {[%clk 0:22:32]} 1-0

[Event "Masters Tournament (MTO)"]
[Site "Biel, CH"]
[Date "2025.07.19"]
[Round "6"]
[White "Karthik Venkataraman"]
[Black "Arfan, Aditya Bagus"]
[Result "1/2-1/2"]
[Board "4"]
[WhiteFideId "25006479"]
[BlackFideId "7106041"]
[WhiteTitle "GM"]
[BlackTitle "IM"]
[WhiteElo "2540"]
[BlackElo "2385"]
[WhiteTeam "IND"]
[BlackTeam "INA"]
[WhiteClock "0:26:01"]
[BlackClock "0:11:49"]
[Variant "Standard"]

1. d4 {[%clk 1:40:56]}  d5 {[%clk 1:33:17]} 2. Nf3 {[%clk 1:41:01]}  Nf6 {[%clk 1:33:04]} 3. c4 {[%clk 1:41:24]}  dxc4 {[%clk 1:32:59]} 4. e3 {[%clk 1:41:44]}  e6 {[%clk 1:33:12]} 5. Bxc4 {[%clk 1:42:08]}  c5 {[%clk 1:33:26]} 6. O-O {[%clk 1:42:31]}  a6 {[%clk 1:33:37]} 7. Re1 {[%clk 1:42:54]}  Nc6 {[%clk 1:17:51]} 8. Nc3 {[%clk 1:42:58]}  b5 {[%clk 1:15:50]} 9. Bd3 {[%clk 1:43:21]}  Bb7 {[%clk 1:11:43]} 10. a4 {[%clk 1:42:39]}  bxa4 {[%clk 1:03:40]} 11. Qxa4 {[%clk 1:27:25]}  Be7 {[%clk 0:57:59]} 12. dxc5 {[%clk 1:13:15]}  Bxc5 {[%clk 0:55:50]} 13. Ne4 {[%clk 1:11:52]}  Be7 {[%clk 0:49:48]} 14. Nxf6+ {[%clk 1:04:52]}  Bxf6 {[%clk 0:48:00]} 15. Be4 {[%clk 1:05:14]}  Rc8 {[%clk 0:37:28]} 16. Nd4 {[%clk 0:51:23]}  Qd7 {[%clk 0:31:49]} 17. Nb3 {[%clk 0:46:57]}  Be7 {[%clk 0:25:35]} 18. Bd2 {[%clk 0:47:07]}  O-O {[%clk 0:25:35]} 19. Bc3 {[%clk 0:47:15]}  Rfd8 {[%clk 0:25:14]} 20. h3 {[%clk 0:47:03]}  h6 {[%clk 0:24:17]} 21. Bf3 {[%clk 0:46:07]}  Bd6 {[%clk 0:22:31]} 22. Red1 {[%clk 0:40:15]}  Qe7 {[%clk 0:16:40]} 23. Rd2 {[%clk 0:38:15]}  Qc7 {[%clk 0:09:49]} 24. Kh1 {[%clk 0:36:15]}  Bf8 {[%clk 0:08:16]} 25. Rxd8 {[%clk 0:36:30]}  Qxd8 {[%clk 0:01:49]} 26. Rd1 {[%clk 0:25:46]}  Qb6 {[%clk 0:07:08]} 27. Nd4 {[%clk 0:17:24]}  Nb4 {[%clk 0:04:11]} 28. Qd7 {[%clk 0:11:19]}  Rc7 {[%clk 0:03:11]} 29. Qd8 {[%clk 0:11:34]}  Bxf3 {[%clk 0:02:54]} 30. Nxf3 {[%clk 0:11:38]}  Nd5 {[%clk 0:01:55]} 31. Bd4 {[%clk 0:11:56]}  Qb7 {[%clk 0:01:24]} 32. Kg1 {[%clk 0:09:42]}  Rc8 {[%clk 0:01:00]} 33. Qa5 {[%clk 0:08:36]}  Bb4 {[%clk 0:00:57]} 34. Qa4 {[%clk 0:08:02]}  a5 {[%clk 0:01:08]} 35. Ne5 {[%clk 0:08:02]}  Ra8 {[%clk 0:00:37]} 36. Rc1 {[%clk 0:07:31]}  Bd6 {[%clk 0:00:52]} 37. Nc6 {[%clk 0:05:03]}  Rc8 {[%clk 0:00:49]} 38. Rc4 {[%clk 0:05:28]}  Qa6 {[%clk 0:01:11]} 39. b3 {[%clk 0:05:01]}  Ra8 {[%clk 0:01:05]} 40. Rc1 {[%clk 0:03:45]}  Rc8 {[%clk 0:01:05]} 41. Qc4 {[%clk 0:32:09]}  Qxc4 {[%clk 0:19:12]} 42. Rxc4 {[%clk 0:30:16]}  Ra8 {[%clk 0:18:27]} 43. Ra4 {[%clk 0:28:19]}  Rc8 {[%clk 0:18:19]} 44. Rc4 {[%clk 0:28:39]}  Ra8 {[%clk 0:18:45]} 45. Kf1 {[%clk 0:28:47]}  Ne7 {[%clk 0:14:36]} 46. Be5 {[%clk 0:28:50]}  Bxe5 {[%clk 0:12:36]} 47. Nxe7+ {[%clk 0:26:45]}  Kf8 {[%clk 0:12:12]} 48. Nc6 {[%clk 0:27:04]}  Bc7 {[%clk 0:11:54]} 49. Ke2 {[%clk 0:27:25]}  Ke8 {[%clk 0:12:12]} 50. Nd4 {[%clk 0:27:24]}  Kd7 {[%clk 0:12:20]} 51. Nb5 {[%clk 0:27:50]}  Bd8 {[%clk 0:11:49]} 52. Rd4+ {[%clk 0:26:01]} 1/2-1/2

[Event "Masters Tournament (MTO)"]
[Site "Biel, CH"]
[Date "2025.07.19"]
[Round "6"]
[White "Doluhanova, Evgeniya"]
[Black "Dau Khuong Duy"]
[Result "0-1"]
[Board "5"]
[WhiteFideId "14112035"]
[BlackFideId "12424722"]
[WhiteTitle "WGM"]
[BlackTitle "IM"]
[WhiteElo "2256"]
[BlackElo "2456"]
[WhiteTeam "UKR"]
[BlackTeam "VIE"]
[WhiteClock "0:01:01"]
[BlackClock "0:14:27"]
[Variant "Standard"]

1. Nf3 {[%clk 1:40:18]}  Nf6 {[%clk 1:40:41]} 2. e3 {[%clk 1:40:05]}  g6 {[%clk 1:40:43]} 3. b3 {[%clk 1:37:54]}  Bg7 {[%clk 1:40:46]} 4. Bb2 {[%clk 1:38:19]}  O-O {[%clk 1:40:57]} 5. c4 {[%clk 1:35:06]}  d6 {[%clk 1:39:58]} 6. d4 {[%clk 1:29:03]}  Nfd7 {[%clk 1:35:24]} 7. h4 {[%clk 1:35:24]}  e5 {[%clk 1:32:12]} 8. h5 {[%clk 1:30:24]}  e4 {[%clk 1:25:41]} 9. Nfd2 {[%clk 1:30:14]}  f5 {[%clk 1:25:49]} 10. hxg6 {[%clk 1:30:07]}  hxg6 {[%clk 1:26:12]} 11. g4 {[%clk 1:24:17]}  Nf6 {[%clk 1:20:18]} 12. gxf5 {[%clk 1:29:29]}  Bxf5 {[%clk 1:20:42]} 13. Nc3 {[%clk 1:29:44]}  Nc6 {[%clk 1:20:16]} 14. a3 {[%clk 1:27:15]}  Qd7 {[%clk 1:11:30]} 15. Be2 {[%clk 1:19:02]}  Rae8 {[%clk 1:11:41]} 16. Nf1 {[%clk 1:13:42]}  Ng4 {[%clk 0:34:45]} 17. Nd5 {[%clk 1:08:29]}  Be6 {[%clk 0:34:47]} 18. Nf4 {[%clk 1:07:57]}  g5 {[%clk 0:00:28]} 19. Nxe6 {[%clk 0:36:02]}  Nxf2 {[%clk 0:32:41]} 20. Nxf8 {[%clk 0:36:25]}  Rxf8 {[%clk 0:33:03]} 21. Qc2 {[%clk 0:36:47]}  Nxh1 {[%clk 0:33:17]} 22. Qxe4 {[%clk 0:37:07]}  Nf2 {[%clk 0:30:45]} 23. Qd5+ {[%clk 0:37:15]}  Kh7 {[%clk 0:30:52]} 24. Qxg5 {[%clk 0:25:17]}  Bh6 {[%clk 0:29:54]} 25. Qh5 {[%clk 0:16:09]}  Qg7 {[%clk 0:27:37]} 26. b4 {[%clk 0:10:42]}  Qg2 {[%clk 0:25:54]} 27. b5 {[%clk 0:03:56]}  Na5 {[%clk 0:22:36]} 28. Bc3 {[%clk 0:03:59]}  Nb3 {[%clk 0:14:16]} 29. Rb1 {[%clk 0:01:56]}  Qe4 {[%clk 0:14:37]} 30. Rxb3 {[%clk 0:01:50]}  Qc2 {[%clk 0:15:02]} 31. Nd2 {[%clk 0:01:14]}  Rf5 {[%clk 0:15:17]} 32. Qxf5+ {[%clk 0:00:52]}  Qxf5 {[%clk 0:15:41]} 33. Bb2 {[%clk 0:01:13]}  Kg8 {[%clk 0:15:31]} 34. c5 {[%clk 0:01:13]}  Ng4 {[%clk 0:13:55]} 35. cxd6 {[%clk 0:00:50]}  Qf2+ {[%clk 0:13:03]} 36. Kd1 {[%clk 0:01:15]}  Nxe3+ {[%clk 0:13:29]} 37. Rxe3 {[%clk 0:01:34]}  Qxe3 {[%clk 0:13:53]} 38. Bc4+ {[%clk 0:01:21]}  Kf8 {[%clk 0:14:12]} 39. Bc1 {[%clk 0:01:01]}  cxd6 {[%clk 0:14:27]} 0-1

[Event "Masters Tournament (MTO)"]
[Site "Biel, CH"]
[Date "2025.07.19"]
[Round "6"]
[White "Chen, Yuan"]
[Black "Gloeckler, Christian"]
[Result "0-1"]
[Board "6"]
[WhiteFideId "8618860"]
[BlackFideId "34608966"]
[BlackTitle "FM"]
[WhiteElo "2286"]
[BlackElo "2439"]
[WhiteTeam "CHN"]
[BlackTeam "GER"]
[WhiteClock "0:04:44"]
[BlackClock "0:04:39"]
[Variant "Standard"]

1. e4 {[%clk 1:40:14]}  c5 {[%clk 1:40:54]} 2. Nf3 {[%clk 1:40:30]}  d6 {[%clk 1:41:18]} 3. d4 {[%clk 1:40:51]}  cxd4 {[%clk 1:41:43]} 4. Nxd4 {[%clk 1:41:15]}  Nf6 {[%clk 1:42:04]} 5. Nc3 {[%clk 1:41:40]}  a6 {[%clk 1:42:29]} 6. g3 {[%clk 1:39:30]}  e5 {[%clk 1:42:38]} 7. Nde2 {[%clk 1:39:40]}  Be6 {[%clk 1:41:31]} 8. Bg2 {[%clk 1:39:24]}  h5 {[%clk 1:37:53]} 9. h4 {[%clk 1:37:11]}  b5 {[%clk 1:35:28]} 10. Bg5 {[%clk 1:27:57]}  Nbd7 {[%clk 1:28:01]} 11. O-O {[%clk 1:31:37]}  Be7 {[%clk 1:24:11]} 12. a3 {[%clk 1:29:26]}  O-O {[%clk 1:23:07]} 13. Nc1 {[%clk 1:02:34]}  Qb6 {[%clk 0:56:17]} 14. Nd3 {[%clk 1:25:57]}  a5 {[%clk 0:52:25]} 15. Nd5 {[%clk 1:24:46]}  Nxd5 {[%clk 0:51:40]} 16. exd5 {[%clk 1:25:08]}  Bg4 {[%clk 0:52:02]} 17. Qd2 {[%clk 1:21:47]}  Bxg5 {[%clk 0:45:24]} 18. Qxg5 {[%clk 1:21:39]}  Rfc8 {[%clk 0:45:01]} 19. Rac1 {[%clk 1:20:48]}  Nf6 {[%clk 0:42:10]} 20. Rfe1 {[%clk 1:14:49]}  b4 {[%clk 0:24:34]} 21. axb4 {[%clk 1:00:48]}  axb4 {[%clk 0:35:25]} 22. Qd2 {[%clk 0:59:23]}  Rc4 {[%clk 0:33:02]} 23. c3 {[%clk 0:57:07]}  bxc3 {[%clk 0:31:43]} 24. bxc3 {[%clk 0:57:32]}  Ra3 {[%clk 0:22:52]} 25. Nb2 {[%clk 0:49:33]}  Rc7 {[%clk 0:08:23]} 26. Nd3 {[%clk 0:38:48]}  Qb3 {[%clk 0:22:31]} 27. Nb4 {[%clk 0:28:12]}  Rxc3 {[%clk 0:20:24]} 28. Rb1 {[%clk 0:28:15]}  Qc4 {[%clk 0:20:20]} 29. Nc6 {[%clk 0:28:25]}  Qc5 {[%clk 0:18:34]} 30. Rec1 {[%clk 0:26:43]}  Rxc1+ {[%clk 0:14:57]} 31. Rxc1 {[%clk 0:27:08]}  Rd3 {[%clk 0:13:38]} 32. Ne7+ {[%clk 0:22:07]}  Kh8 {[%clk 0:10:10]} 33. Qb2 {[%clk 0:22:43]}  Qd4 {[%clk 0:00:58]} 34. Qxd4 {[%clk 0:12:18]}  exd4 {[%clk 0:08:07]} 35. Nc6 {[%clk 0:09:17]}  Rc3 {[%clk 0:04:46]} 36. Rf1 {[%clk 0:05:14]}  d3 {[%clk 0:04:26]} 37. f3 {[%clk 0:04:01]}  Bd7 {[%clk 0:04:37]} 38. Rd1 {[%clk 0:03:39]}  Nxd5 {[%clk 0:04:31]} 39. Nd4 {[%clk 0:04:02]}  Ne3 {[%clk 0:04:26]} 40. Rd2 {[%clk 0:04:31]}  Nc4 {[%clk 0:04:32]} 41. Rd1 {[%clk 0:04:44]}  Ba4 {[%clk 0:04:39]} 0-1

[Event "Masters Tournament (MTO)"]
[Site "Biel, CH"]
[Date "2025.07.19"]
[Round "6"]
[White "Poh, Yu Tian"]
[Black "Soo, Kai Jie"]
[Result "1/2-1/2"]
[Board "7"]
[WhiteFideId "5734088"]
[BlackFideId "5803454"]
[WhiteTitle "IM"]
[BlackTitle "FM"]
[WhiteElo "2458"]
[BlackElo "2240"]
[WhiteTeam "MAS"]
[BlackTeam "AUS"]
[WhiteClock "0:16:28"]
[BlackClock "1:26:04"]
[Variant "Standard"]

1. e4 {[%clk 1:40:57]}  e6 {[%clk 1:40:56]} 2. d4 {[%clk 1:41:21]}  d5 {[%clk 1:41:21]} 3. Nc3 {[%clk 1:41:45]}  dxe4 {[%clk 1:41:47]} 4. Nxe4 {[%clk 1:42:07]}  Nd7 {[%clk 1:42:12]} 5. Nf3 {[%clk 1:42:03]}  Ngf6 {[%clk 1:42:37]} 6. Nxf6+ {[%clk 1:42:19]}  Nxf6 {[%clk 1:43:01]} 7. Be3 {[%clk 1:42:19]}  Bd6 {[%clk 1:43:07]} 8. Bd3 {[%clk 1:39:53]}  b6 {[%clk 1:42:13]} 9. Qe2 {[%clk 1:34:32]}  Bb7 {[%clk 1:41:41]} 10. Bb5+ {[%clk 1:31:08]}  c6 {[%clk 1:41:59]} 11. Ba6 {[%clk 1:31:22]}  Bxa6 {[%clk 1:40:24]} 12. Qxa6 {[%clk 1:31:49]}  Qc7 {[%clk 1:40:44]} 13. Qe2 {[%clk 1:23:13]}  O-O {[%clk 1:40:25]} 14. O-O {[%clk 1:21:46]}  c5 {[%clk 1:37:35]} 15. dxc5 {[%clk 1:16:49]}  Bxc5 {[%clk 1:37:58]} 16. Qc4 {[%clk 1:11:12]}  Rfc8 {[%clk 1:37:38]} 17. Bxc5 {[%clk 1:12:39]}  Qxc5 {[%clk 1:38:06]} 18. Qxc5 {[%clk 1:13:01]}  Rxc5 {[%clk 1:38:28]} 19. c3 {[%clk 1:13:27]}  Rd8 {[%clk 1:33:18]} 20. Rfd1 {[%clk 1:07:35]}  Rcd5 {[%clk 1:39:03]} 21. Rxd5 {[%clk 1:07:33]}  Rxd5 {[%clk 1:39:13]} 22. Kf1 {[%clk 1:06:55]}  Kf8 {[%clk 1:36:50]} 23. Ke2 {[%clk 1:04:54]}  e5 {[%clk 1:36:11]} 24. c4 {[%clk 0:56:20]}  Rc5 {[%clk 1:30:32]} 25. Nd2 {[%clk 0:50:28]}  Nd7 {[%clk 1:21:49]} 26. b4 {[%clk 0:46:43]}  Rc6 {[%clk 1:22:10]} 27. Kd3 {[%clk 0:38:03]}  f5 {[%clk 1:20:20]} 28. f3 {[%clk 0:28:48]}  Rg6 {[%clk 1:20:24]} 29. Rg1 {[%clk 0:27:31]}  h5 {[%clk 1:19:59]} 30. h4 {[%clk 0:21:45]}  Ke7 {[%clk 1:19:59]} 31. Ke3 {[%clk 0:19:42]}  Nf8 {[%clk 1:18:16]} 32. Nb3 {[%clk 0:15:57]}  Ne6 {[%clk 1:16:42]} 33. c5 {[%clk 0:13:37]}  Nf4 {[%clk 1:15:47]} 34. cxb6 {[%clk 0:13:26]}  axb6 {[%clk 1:16:14]} 35. a4 {[%clk 0:10:36]}  Rc6 {[%clk 1:07:08]} 36. Nd2 {[%clk 0:06:19]}  Rc3+ {[%clk 1:06:33]} 37. Kf2 {[%clk 0:06:44]}  Rc2 {[%clk 1:06:52]} 38. Ke3 {[%clk 0:04:19]}  Nd5+ {[%clk 1:06:51]} 39. Ke2 {[%clk 0:04:43]}  Nxb4 {[%clk 1:07:06]} 40. Ra1 {[%clk 0:03:32]}  Rc5 {[%clk 1:02:39]} 41. Nb3 {[%clk 0:02:04]}  Rc3 {[%clk 0:59:36]} 42. Nd2 {[%clk 0:26:50]}  Nd3 {[%clk 1:26:52]} 43. g3 {[%clk 0:23:47]}  Nc1+ {[%clk 1:26:36]} 44. Kd1 {[%clk 0:19:36]}  Nb3 {[%clk 1:26:54]} 45. Nxb3 {[%clk 0:17:54]}  Rxb3 {[%clk 1:27:23]} 46. Ke2 {[%clk 0:18:01]}  f4 {[%clk 1:25:20]} 47. gxf4 {[%clk 0:17:15]}  exf4 {[%clk 1:25:48]} 48. a5 {[%clk 0:15:58]}  bxa5 {[%clk 1:26:12]} 49. Rxa5 {[%clk 0:16:24]}  Rb2+ {[%clk 1:26:04]} 50. Kf1 {[%clk 0:16:28]} 1/2-1/2

[Event "Masters Tournament (MTO)"]
[Site "Biel, CH"]
[Date "2025.07.19"]
[Round "6"]
[White "Bok, Benjamin"]
[Black "Mostertman, Milan"]
[Result "1/2-1/2"]
[Board "8"]
[WhiteFideId "1017063"]
[BlackFideId "1025848"]
[WhiteTitle "GM"]
[BlackTitle "FM"]
[WhiteElo "2593"]
[BlackElo "2212"]
[WhiteTeam "NED"]
[BlackTeam "NED"]
[WhiteClock "0:01:09"]
[BlackClock "0:13:23"]
[Variant "Standard"]

1. Nf3 {[%clk 1:36:45]}  Nf6 {[%clk 1:40:48]} 2. c4 {[%clk 1:36:25]}  e6 {[%clk 1:41:05]} 3. b3 {[%clk 1:36:32]}  d5 {[%clk 1:41:00]} 4. Bb2 {[%clk 1:37:00]}  c5 {[%clk 1:41:18]} 5. cxd5 {[%clk 1:36:37]}  exd5 {[%clk 1:41:41]} 6. g3 {[%clk 1:35:54]}  Nc6 {[%clk 1:41:55]} 7. Bg2 {[%clk 1:36:16]}  d4 {[%clk 1:42:11]} 8. O-O {[%clk 1:36:12]}  Bd6 {[%clk 1:41:23]} 9. e3 {[%clk 1:35:12]}  O-O {[%clk 1:37:59]} 10. Na3 {[%clk 1:32:32]}  Bg4 {[%clk 1:29:17]} 11. Nc4 {[%clk 1:19:52]}  Bc7 {[%clk 1:24:57]} 12. h3 {[%clk 1:14:17]}  Bh5 {[%clk 1:24:59]} 13. exd4 {[%clk 1:10:47]}  Nxd4 {[%clk 1:20:09]} 14. Re1 {[%clk 0:53:00]}  Nxf3+ {[%clk 1:02:45]} 15. Bxf3 {[%clk 0:52:33]}  Bxf3 {[%clk 1:03:10]} 16. Qxf3 {[%clk 0:52:57]}  Qd5 {[%clk 0:56:46]} 17. Qxd5 {[%clk 0:38:39]}  Nxd5 {[%clk 1:04:04]} 18. Ba3 {[%clk 0:39:02]}  Nb4 {[%clk 0:54:34]} 19. Bxb4 {[%clk 0:32:18]}  cxb4 {[%clk 0:54:02]} 20. Re7 {[%clk 0:32:05]}  Rac8 {[%clk 0:53:03]} 21. Ne3 {[%clk 0:18:01]}  b5 {[%clk 0:47:26]} 22. Nd5 {[%clk 0:12:51]}  Bb6 {[%clk 0:42:50]} 23. Rb7 {[%clk 0:12:44]}  Rb8 {[%clk 0:41:39]} 24. Ne7+ {[%clk 0:11:33]}  Kh8 {[%clk 0:42:04]} 25. Rxb8 {[%clk 0:12:01]}  Rxb8 {[%clk 0:42:29]} 26. Rc1 {[%clk 0:12:29]}  g6 {[%clk 0:37:55]} 27. Kf1 {[%clk 0:09:10]}  Rd8 {[%clk 0:35:32]} 28. Rc2 {[%clk 0:06:14]}  a5 {[%clk 0:32:21]} 29. Nc8 {[%clk 0:08:07]}  Bd4 {[%clk 0:30:40]} 30. f4 {[%clk 0:05:20]}  Kg7 {[%clk 0:17:45]} 31. Rc6 {[%clk 0:07:38]}  Bf2 {[%clk 0:10:30]} 32. Kxf2 {[%clk 0:00:42]}  Rxd2+ {[%clk 0:10:56]} 33. Kf3 {[%clk 0:00:43]}  Rxa2 {[%clk 0:11:23]} 34. Nd6 {[%clk 0:00:42]}  Ra3 {[%clk 0:10:33]} 35. Nxb5 {[%clk 0:00:35]}  Rxb3+ {[%clk 0:11:01]} 36. Kg4 {[%clk 0:00:40]}  h5+ {[%clk 0:04:46]} 37. Kh4 {[%clk 0:01:08]}  a4 {[%clk 0:05:11]} 38. Ra6 {[%clk 0:00:39]}  a3 {[%clk 0:05:39]} 39. Ra4 {[%clk 0:00:34]}  f6 {[%clk 0:02:56]} 40. g4 {[%clk 0:00:36]}  hxg4 {[%clk 0:01:46]} 41. hxg4 {[%clk 0:27:42]}  Kh6 {[%clk 0:14:42]} 42. g5+ {[%clk 0:21:35]}  fxg5+ {[%clk 0:15:06]} 43. fxg5+ {[%clk 0:22:04]}  Kg7 {[%clk 0:15:31]} 44. Kg4 {[%clk 0:18:45]}  Rb2 {[%clk 0:13:56]} 45. Ra7+ {[%clk 0:02:00]}  Kg8 {[%clk 0:10:32]} 46. Nxa3 {[%clk 0:00:44]}  bxa3 {[%clk 0:12:59]} 47. Rxa3 {[%clk 0:01:09]}  Rb4+ {[%clk 0:13:23]} 1/2-1/2